Thermodynamics (Record no. 7801)

000 -LEADER
fixed length control field 00495nam a22002057a 4500
001 - CONTROL NUMBER
control field 7801
003 - CONTROL NUMBER IDENTIFIER
control field BD-DhUET
008 - FIXED-LENGTH DATA ELEMENTS--GENERAL INFORMATION
fixed length control field 141212b xxu||||| |||| 00| 0 eng d
040 ## - CATALOGING SOURCE
Transcribing agency 0
Modifying agency BD-DhUET
082 ## - DEWEY DECIMAL CLASSIFICATION NUMBER
Classification number 621.01
Item number OBE/1963
100 ## - MAIN ENTRY--PERSONAL NAME
Personal name Obert, Edward F.
245 ## - TITLE STATEMENT
Title Thermodynamics
250 ## - EDITION STATEMENT
Edition statement 2nd ed.
260 ## - PUBLICATION, DISTRIBUTION, ETC. (IMPRINT)
Place of publication, distribution, etc. New York
Name of publisher, distributor, etc. McGraw-Hill Book
Date of publication, distribution, etc. 1963
300 ## - PHYSICAL DESCRIPTION
Extent xxi,596p.
504 ## - BIBLIOGRAPHY, ETC. NOTE
Bibliography, etc Includes bibliographies
650 #0 - SUBJECT ADDED ENTRY--TOPICAL TERM
Topical term or geographic name as entry element Thermodynamics
700 ## - ADDED ENTRY--PERSONAL NAME
Personal name Gaggioli, Richard A.
942 ## - ADDED ENTRY ELEMENTS (KOHA)
Koha item type General Book
Holdings
Source of classification or shelving scheme Location (home branch) Price effective from Koha full call number Koha item type Date acquired Lost status Piece designation (barcode) Koha normalized classification for sorting Withdrawn status Shelving location Damaged status Sublocation or collection (holding branch) Koha date last seen Copy number Not for loan
 Central Library, BUET2014-12-12621.01/OBE/1963General Book2014-12-12 6402621_010000000000000_OBE_1963 Circulation section Central Library, BUET2014-12-121 
 Central Library, BUET2014-12-12621.01/OBE/1963General Book2014-12-12 6403621_010000000000000_OBE_1963 Circulation section Central Library, BUET2014-12-122 
 Central Library, BUET2014-12-12621.01/OBE/1963General Book2014-12-12 15731621_010000000000000_OBE_1963 Circulation section Central Library, BUET2014-12-123 
 Central Library, BUET2014-12-12621.01/OBE/1963General Book2014-12-12 18703621_010000000000000_OBE_1963 Circulation section Central Library, BUET2014-12-124 
 Central Library, BUET2014-12-12621.01/OBE/1963General Book2014-12-12 18706621_010000000000000_OBE_1963 Circulation section Central Library, BUET2014-12-125 
 Central Library, BUET2014-12-12621.01/OBE/1963General Book2014-12-12 18708621_010000000000000_OBE_1963 Circulation section Central Library, BUET2014-12-126 
 Central Library, BUET2014-12-12621.01/OBE/1963General Book2014-12-12 18705621_010000000000000_OBE_1963 Circulation section Central Library, BUET2014-12-127 
 Central Library, BUET2014-12-12621.01/OBE/1963General Book2014-12-12 18702621_010000000000000_OBE_1963 Circulation section Central Library, BUET2014-12-128 
 Central Library, BUET2015-04-12621.01/OBE/1963General Book2015-04-12 18707621_010000000000000_OBE_1963 Circulation section Central Library, BUET2015-04-129